[Event "European Chess Club Cup 2023"]
[Site "Durres, Albania"]
[Date "2023.10.01"]
[Round "1.17"]
[White "Perkampus, Laurin"]
[Black "Ragger, Markus"]
[Result "0-1"]
[TimeControl "90' + 30' & 30\""]
[WhiteElo "2134"]
[BlackElo "2615"]

1. d4 {[%clk 01:30:58]} {[%emt 00:00:01]} Nf6 {[%clk 01:30:56]} {[%emt
00:00:06]} 2. Nf3 {[%clk 01:31:20]} {[%emt 00:00:07]} g6 {[%clk 01:31:19]}
{[%emt 00:00:07]} 3. c4 {[%clk 01:31:45]} {[%emt 00:00:04]} Bg7 {[%clk
01:31:18]} {[%emt 00:00:32]} 4. Nc3 {[%clk 01:32:00]} {[%emt 00:00:15]} O-O
{[%clk 01:31:42]} {[%emt 00:00:05]} 5. e4 {[%clk 01:32:12]} {[%emt 00:00:17]}
d6 {[%clk 01:32:09]} {[%emt 00:00:03]} 6. Be2 {[%clk 01:32:15]} {[%emt
00:00:27]} e5 {[%clk 01:32:24]} {[%emt 00:00:16]} 7. O-O {[%clk 01:32:12]}
{[%emt 00:00:32]} Nbd7 {[%clk 01:32:48]} {[%emt 00:00:06]} 8. Qc2 {[%clk
01:30:47]} {[%emt 00:01:55]} Qe7 {[%clk 01:30:12]} {[%emt 00:03:07]} 9. d5
{[%clk 01:21:40]} {[%emt 00:09:37]} c5 {[%clk 01:24:59]} {[%emt 00:05:43]} 10.
Bg5 {[%clk 01:19:21]} {[%emt 00:02:48]} h6 {[%clk 01:23:58]} {[%emt 00:01:33]}
11. Bd2 {[%clk 01:19:44]} {[%emt 00:00:06]} Nb6 {[%clk 01:13:12]} {[%emt
00:11:16]} 12. Kh1 {[%clk 01:02:55]} {[%emt 00:17:17]} Ne8 {[%clk 01:06:57]}
{[%emt 00:06:47]} 13. g3 {[%clk 00:49:03]} {[%emt 00:14:22]} Bh3 {[%clk
00:57:54]} {[%emt 00:09:33]} 14. Rg1 {[%clk 00:37:56]} {[%emt 00:11:36]} Nf6
{[%clk 00:53:10]} {[%emt 00:05:15]} 15. Nh4 {[%clk 00:34:25]} {[%emt 00:04:01]}
Kh7 {[%clk 00:47:01]} {[%emt 00:06:39]} 16. Rae1 {[%clk 00:25:19]} {[%emt
00:09:35]} Bd7 {[%clk 00:44:32]} {[%emt 00:02:59]} 17. Nd1 {[%clk 00:17:56]}
{[%emt 00:07:51]} Nc8 {[%clk 00:38:44]} {[%emt 00:06:20]} 18. Nc3 {[%clk
00:08:30]} {[%emt 00:09:57]} Rb8 {[%clk 00:35:20]} {[%emt 00:03:54]} 19. a4
{[%clk 00:05:50]} {[%emt 00:03:09]} a6 {[%clk 00:31:56]} {[%emt 00:03:55]} 20.
a5 {[%emt 00:01:48]} b5 {[%clk 00:29:00]} {[%emt 00:03:24]} 21. axb6 {[%clk
00:04:45]} {[%emt 00:00:19]} Nxb6 {[%clk 00:29:29]} {[%emt 00:00:01]} 22. Ra1
{[%clk 00:04:54]} {[%emt 00:00:21]} Bc8 {[%clk 00:29:29]} {[%emt 00:00:29]} 23.
Ra3 {[%clk 00:03:17]} {[%emt 00:02:07]} Ng4 {[%clk 00:22:31]} {[%emt 00:07:29]}
24. Rf1 {[%clk 00:02:34]} {[%emt 00:01:12]} h5 {[%clk 00:22:36]} {[%emt
00:00:26]} 25. f3 {[%clk 00:01:47]} {[%emt 00:01:17]} Nh6 {[%clk 00:21:52]}
{[%emt 00:01:14]} 26. Qc1 {[%clk 00:01:28]} {[%emt 00:00:49]} Ng8 {[%clk
00:15:48]} {[%emt 00:06:33]} 27. Ng2 {[%clk 00:00:32]} {[%emt 00:01:27]} Bh6
{[%clk 00:15:56]} {[%emt 00:00:21]} 28. Bxh6 {[%clk 00:00:38]} {[%emt
00:00:25]} Nxh6 {[%clk 00:16:25]} 29. f4 {[%clk 00:00:31]} {[%emt 00:00:37]}
exf4 {[%clk 00:14:56]} {[%emt 00:01:58]} 30. gxf4 {[%clk 00:00:49]} {[%emt
00:00:13]} f5 {[%clk 00:15:21]} {[%emt 00:00:05]} 31. Bd3 {[%clk 00:00:33]}
{[%emt 00:00:46]} Ng4 {[%clk 00:15:15]} {[%emt 00:00:35]} 32. Qd2 {[%clk
00:00:32]} {[%emt 00:00:32]} fxe4 {[%clk 00:13:32]} {[%emt 00:02:13]} 33. Re1
{[%clk 00:00:38]} {[%emt 00:00:24]} Bf5 {[%clk 00:12:04]} {[%emt 00:01:58]} 34.
Nxe4 {[%clk 00:00:38]} {[%emt 00:00:30]} Nxc4 {[%clk 00:10:34]} {[%emt
00:02:00]} 35. Bxc4 {[%clk 00:01:07]} {[%emt 00:00:01]} Bxe4 {[%clk 00:10:58]}
{[%emt 00:00:05]} 36. Kg1 {[%clk 00:00:55]} {[%emt 00:00:42]} Rfe8 {[%clk
00:10:00]} {[%emt 00:01:28]} 37. Bd3 {[%clk 00:00:33]} {[%emt 00:00:53]} c4
{[%clk 00:09:26]} {[%emt 00:01:05]} 38. Bxc4 {[%clk 00:00:31]} {[%emt
00:00:32]} Qg7 {[%clk 00:06:50]} {[%emt 00:03:04]} 39. b3 {[%clk 00:00:34]}
{[%emt 00:00:27]} Bxg2 {[%clk 00:03:11]} {[%emt 00:04:10]} 40. Rxe8 {[%clk
00:00:41]} {[%emt 00:00:23]} Rxe8 {[%clk 00:03:39]} {[%emt 00:00:02]} 41. Kxg2
{[%clk 00:27:10]} {[%emt 00:04:01]} Qe7 {[%clk 00:27:11]} {[%emt 00:06:58]} 42.
Qd3 {[%clk 00:07:43]} {[%emt 00:19:56]} Qe1 {[%clk 00:22:33]} {[%emt 00:05:09]}
43. Ra2 {[%clk 00:05:21]} {[%emt 00:02:52]} Ne3+ {[%clk 00:22:50]} {[%emt
00:00:13]} 44. Kh3 {[%clk 00:04:57]} {[%emt 00:00:53]} Qg1 {[%clk 00:22:10]}
{[%emt 00:01:10]} 45. Qe2 {[%clk 00:03:18]} {[%emt 00:02:09]} Nf5 {[%clk
00:22:32]} {[%emt 00:00:08]} 46. Ra1 {[%clk 00:02:15]} {[%emt 00:01:34]} Re3+
{[%clk 00:22:57]} {[%emt 00:00:05]} 0-1

[Event "European Chess Club Cup 2023"]
[Site "Durres, Albania"]
[Date "2023.10.01"]
[Round "1.18"]
[White "Zilka, Stepan"]
[Black "Zimmermann, Luc"]
[Result "1-0"]
[TimeControl "90' + 30' & 30\""]
[WhiteElo "2599"]
[BlackElo "2067"]

1. e4 {[%clk 01:30:51]} {[%emt 00:00:08]} e6 {[%clk 01:30:50]} {[%emt
00:00:11]} 2. d4 {[%clk 01:31:14]} {[%emt 00:00:07]} d5 {[%clk 01:31:13]}
{[%emt 00:00:08]} 3. Nc3 {[%clk 01:31:22]} {[%emt 00:00:22]} Nf6 {[%clk
01:31:38]} {[%emt 00:00:03]} 4. Bg5 {[%clk 01:31:37]} {[%emt 00:00:15]} Be7
{[%clk 01:31:49]} {[%emt 00:00:19]} 5. e5 {[%clk 01:31:58]} {[%emt 00:00:10]}
Nfd7 {[%clk 01:32:00]} {[%emt 00:00:19]} 6. h4 {[%clk 01:31:45]} {[%emt
00:00:44]} Nc6 {[%clk 01:31:44]} {[%emt 00:00:44]} 7. Bxe7 {[%clk 01:25:38]}
{[%emt 00:06:49]} Qxe7 {[%clk 01:31:24]} {[%emt 00:00:37]} 8. Qd2 {[%clk
01:25:45]} {[%emt 00:00:24]} Nb6 {[%clk 01:23:53]} {[%emt 00:08:02]} 9. O-O-O
{[%clk 01:25:33]} {[%emt 00:00:42]} Bd7 {[%clk 01:22:28]} {[%emt 00:01:55]} 10.
f4 {[%clk 01:24:03]} {[%emt 00:01:59]} h5 {[%clk 01:09:22]} {[%emt 00:13:36]}
11. Nf3 {[%clk 01:23:23]} {[%emt 00:01:10]} O-O-O {[%clk 01:07:59]} {[%emt
00:01:54]} 12. Kb1 {[%clk 01:23:26]} {[%emt 00:00:26]} Kb8 {[%clk 01:07:15]}
{[%emt 00:01:15]} 13. Rh3 {[%clk 01:14:28]} {[%emt 00:09:28]} Na5 {[%clk
00:57:25]} {[%emt 00:10:18]} 14. b3 {[%clk 01:09:39]} {[%emt 00:05:20]} Qb4
{[%clk 00:48:10]} {[%emt 00:09:45]} 15. Ne4 {[%clk 01:07:12]} {[%emt 00:02:58]}
Qxd2 {[%clk 00:42:22]} {[%emt 00:06:18]} 16. Nexd2 {[%clk 01:07:28]} {[%emt
00:00:13]} Nc6 {[%clk 00:29:21]} {[%emt 00:13:31]} 17. Rg3 {[%clk 01:07:57]}
{[%emt 00:00:02]} g6 {[%clk 00:29:26]} {[%emt 00:00:24]} 18. Ng5 {[%clk
01:05:34]} {[%emt 00:02:53]} Be8 {[%clk 00:25:51]} {[%emt 00:04:07]} 19. c3
{[%clk 01:04:11]} {[%emt 00:01:52]} Ne7 {[%clk 00:25:03]} {[%emt 00:01:17]} 20.
Bd3 {[%clk 01:04:27]} {[%emt 00:00:14]} Rc8 {[%clk 00:22:03]} {[%emt 00:03:30]}
21. Rc1 {[%clk 01:01:34]} {[%emt 00:03:23]} c5 {[%clk 00:18:21]} {[%emt
00:04:12]} 22. dxc5 {[%clk 01:01:13]} {[%emt 00:00:51]} Rxc5 {[%clk 00:18:37]}
{[%emt 00:00:13]} 23. Ndf3 {[%clk 00:57:58]} {[%emt 00:03:46]} a6 {[%clk
00:14:22]} {[%emt 00:04:45]} 24. Nd4 {[%clk 00:57:40]} {[%emt 00:00:47]} Rc7
{[%clk 00:10:51]} {[%emt 00:04:02]} 25. Kc2 {[%clk 00:50:56]} {[%emt 00:07:14]}
Nc6 {[%clk 00:10:11]} {[%emt 00:01:11]} 26. Kd2 {[%clk 00:49:52]} {[%emt
00:01:34]} Nxd4 {[%clk 00:09:51]} {[%emt 00:00:50]} 27. cxd4 {[%clk 00:50:16]}
{[%emt 00:00:06]} Rxc1 {[%clk 00:10:11]} {[%emt 00:00:10]} 28. Kxc1 {[%clk
00:50:38]} {[%emt 00:00:07]} Nc8 {[%clk 00:06:00]} {[%emt 00:04:41]} 29. Kd2
{[%clk 00:50:22]} {[%emt 00:00:46]} Ne7 {[%clk 00:06:13]} {[%emt 00:00:18]} 30.
Rh3 {[%clk 00:50:11]} {[%emt 00:00:41]} Nc6 {[%clk 00:06:13]} {[%emt 00:00:30]}
31. Ke3 {[%clk 00:50:32]} {[%emt 00:00:08]} Kc7 {[%clk 00:05:12]} {[%emt
00:01:31]} 32. Rh1 {[%clk 00:50:39]} {[%emt 00:00:24]} Kd8 {[%clk 00:05:06]}
{[%emt 00:00:36]} 33. Rc1 {[%clk 00:50:27]} {[%emt 00:00:41]} Ke7 {[%clk
00:05:15]} {[%emt 00:00:22]} 34. b4 {[%clk 00:49:14]} {[%emt 00:01:43]} Bd7
{[%clk 00:04:29]} {[%emt 00:01:15]} 35. a3 {[%clk 00:47:32]} {[%emt 00:02:12]}
Rc8 {[%clk 00:03:44]} {[%emt 00:01:16]} 36. Rc5 {[%clk 00:47:36]} {[%emt
00:00:25]} b6 {[%clk 00:02:13]} {[%emt 00:02:02]} 37. Rc2 {[%clk 00:48:00]}
{[%emt 00:00:06]} Na7 {[%clk 00:02:37]} {[%emt 00:00:06]} 38. Rxc8 {[%clk
00:44:19]} {[%emt 00:04:11]} Bxc8 {[%clk 00:03:05]} {[%emt 00:00:02]} 39. Kd2
{[%clk 00:44:25]} {[%emt 00:00:24]} a5 {[%clk 00:02:48]} {[%emt 00:00:47]} 40.
b5 {[%clk 00:44:06]} {[%emt 00:00:48]} Bd7 {[%clk 00:03:02]} {[%emt 00:00:17]}
41. a4 {[%clk 00:44:31]} {[%emt 00:00:04]} f5 {[%clk 00:18:50]} {[%emt
00:14:42]} 42. exf6+ {[%clk 01:14:04]} {[%emt 00:00:58]} Kxf6 {[%clk 00:19:16]}
{[%emt 00:00:03]} 43. Nf3 {[%clk 01:14:11]} {[%emt 00:00:23]} Be8 {[%clk
00:18:10]} {[%emt 00:01:36]} 44. Ne5 {[%clk 01:12:42]} {[%emt 00:02:00]} Nc8
{[%clk 00:16:46]} {[%emt 00:01:54]} 45. g4 {[%clk 01:12:55]} {[%emt 00:00:17]}
hxg4 {[%clk 00:13:28]} {[%emt 00:03:48]} 46. Nxg4+ {[%clk 01:13:20]} {[%emt
00:00:05]} Kg7 {[%clk 00:10:56]} {[%emt 00:03:02]} 47. Ke3 {[%clk 01:12:14]}
{[%emt 00:01:34]} Ne7 {[%clk 00:07:55]} {[%emt 00:03:32]} 48. Ne5 {[%clk
01:12:12]} {[%emt 00:00:32]} Ng8 {[%clk 00:06:23]} {[%emt 00:02:02]} 49. Bf1
{[%clk 01:08:02]} {[%emt 00:04:39]} Nh6 {[%clk 00:04:59]} {[%emt 00:01:55]} 50.
Bh3 {[%clk 01:08:21]} {[%emt 00:00:11]} Kf6 {[%clk 00:05:23]} {[%emt 00:00:05]}
51. Nc6 {[%clk 01:06:40]} {[%emt 00:02:11]} Nf7 {[%clk 00:02:50]} {[%emt
00:03:03]} 52. Bf1 {[%clk 01:05:15]} {[%emt 00:01:55]} Nd6 {[%clk 00:02:18]}
{[%emt 00:01:02]} 53. Bd3 {[%clk 01:04:45]} {[%emt 00:01:00]} Nf7 {[%clk
00:02:30]} {[%emt 00:00:19]} 54. Kf3 {[%clk 01:03:44]} {[%emt 00:01:30]} Nh6
{[%clk 00:01:34]} {[%emt 00:01:27]} 55. Bc2 {[%clk 00:56:47]} {[%emt 00:07:27]}
Ng8 {[%clk 00:01:49]} {[%emt 00:00:15]} 56. Bb1 {[%clk 00:56:04]} {[%emt
00:01:12]} Nh6 {[%clk 00:02:07]} {[%emt 00:00:13]} 57. Bd3 {[%clk 00:56:26]}
{[%emt 00:00:07]} Ng8 {[%clk 00:02:31]} {[%emt 00:00:07]} 58. Nb8 {[%clk
00:54:08]} {[%emt 00:02:48]} Ne7 {[%clk 00:00:59]} {[%emt 00:02:02]} 59. Na6
{[%clk 00:53:44]} {[%emt 00:00:53]} Nc8 {[%clk 00:00:44]} {[%emt 00:00:46]} 60.
Nc7 {[%clk 00:52:47]} {[%emt 00:01:26]} Bd7 {[%clk 00:00:50]} {[%emt 00:00:24]}
61. f5 {[%clk 00:49:17]} {[%emt 00:04:00]} exf5 {[%clk 00:00:36]} {[%emt
00:00:44]} 62. Nxd5+ {[%clk 00:48:36]} {[%emt 00:01:10]} Kf7 {[%clk 00:00:53]}
{[%emt 00:00:14]} 63. Kf4 {[%clk 00:46:16]} {[%emt 00:02:50]} Be6 {[%clk
00:00:49]} {[%emt 00:00:35]} 64. Ke5 {[%clk 00:45:41]} {[%emt 00:01:04]} Bxd5
{[%clk 00:00:34]} {[%emt 00:00:45]} 65. Kxd5 {[%clk 00:46:04]} {[%emt
00:00:06]} f4 {[%clk 00:00:31]} {[%emt 00:00:35]} 66. Ke4 {[%emt 00:04:21]} 1-0

[Event "European Chess Club Cup 2023"]
[Site "Durres, Albania"]
[Date "2023.10.01"]
[Round "1.19"]
[White "Martirosyan, Haik M."]
[Black "Grieve, Harry"]
[Result "1-0"]
[TimeControl "90' + 30' & 30\""]
[WhiteElo "2696"]
[BlackElo "2458"]

1. d4 {[%clk 01:30:54]} {[%emt 00:00:02]} d5 {[%clk 01:30:56]} {[%emt
00:00:05]} 2. c4 {[%clk 01:31:12]} {[%emt 00:00:11]} e6 {[%clk 01:31:22]}
{[%emt 00:00:04]} 3. Nf3 {[%clk 01:31:30]} {[%emt 00:00:14]} Nf6 {[%clk
01:31:47]} {[%emt 00:00:03]} 4. Nc3 {[%clk 01:31:37]} {[%emt 00:00:26]} c5
{[%clk 01:32:11]} {[%emt 00:00:03]} 5. cxd5 {[%clk 01:31:55]} {[%emt 00:00:12]}
cxd4 {[%clk 01:32:30]} {[%emt 00:00:10]} 6. Qxd4 {[%clk 01:31:37]} {[%emt
00:00:49]} exd5 {[%clk 01:32:52]} {[%emt 00:00:09]} 7. Bg5 {[%clk 01:30:34]}
{[%emt 00:01:34]} Be7 {[%clk 01:33:14]} {[%emt 00:00:07]} 8. e3 {[%clk
01:30:38]} {[%emt 00:00:26]} O-O {[%clk 01:33:37]} {[%emt 00:00:07]} 9. Rd1
{[%clk 01:25:35]} {[%emt 00:05:37]} Be6 {[%clk 01:33:42]} {[%emt 00:00:21]} 10.
Bd3 {[%clk 01:25:35]} {[%emt 00:00:31]} Nc6 {[%clk 01:31:16]} {[%emt 00:02:54]}
11. Qa4 {[%clk 01:23:56]} {[%emt 00:02:09]} h6 {[%clk 01:31:41]} {[%emt
00:00:05]} 12. Bh4 {[%clk 01:23:44]} {[%emt 00:00:43]} Qb6 {[%clk 01:32:06]}
{[%emt 00:00:05]} 13. Rd2 {[%clk 01:23:29]} {[%emt 00:00:45]} Rfd8 {[%clk
01:32:30]} {[%emt 00:00:06]} 14. O-O {[%clk 01:23:13]} {[%emt 00:00:47]} Kf8
{[%clk 01:32:55]} {[%emt 00:00:05]} 15. Ne2 {[%clk 01:20:25]} {[%emt 00:03:18]}
Nb4 {[%clk 01:22:07]} {[%emt 00:11:19]} 16. Bb1 {[%clk 01:15:33]} {[%emt
00:05:22]} g5 {[%clk 01:20:59]} {[%emt 00:01:38]} 17. Bg3 {[%clk 01:14:57]}
{[%emt 00:01:06]} Ne4 {[%clk 01:21:09]} {[%emt 00:00:20]} 18. Rdd1 {[%clk
01:11:44]} {[%emt 00:03:43]} Nc5 {[%clk 01:04:16]} {[%emt 00:17:23]} 19. Qa3
{[%clk 01:11:38]} {[%emt 00:00:36]} Ne4 {[%clk 01:04:25]} {[%emt 00:00:21]} 20.
Ned4 {[%clk 01:06:16]} {[%emt 00:05:52]} a6 {[%clk 00:49:45]} {[%emt 00:15:10]}
21. Qb3 {[%clk 01:02:43]} {[%emt 00:04:03]} Nxg3 {[%clk 00:27:34]} {[%emt
00:22:40]} 22. fxg3 {[%clk 01:01:07]} {[%emt 00:02:06]} Qd6 {[%clk 00:26:17]}
{[%emt 00:01:48]} 23. Nxe6+ {[%clk 00:59:11]} {[%emt 00:02:26]} Qxe6 {[%clk
00:26:02]} {[%emt 00:00:45]} 24. Nd4 {[%clk 00:59:28]} {[%emt 00:00:12]} Qe5
{[%clk 00:20:24]} {[%emt 00:06:08]} 25. Rf5 {[%clk 00:57:32]} {[%emt 00:02:27]}
Qd6 {[%clk 00:19:47]} {[%emt 00:01:07]} 26. Rdf1 {[%clk 00:57:24]} {[%emt
00:00:38]} f6 {[%clk 00:19:52]} {[%emt 00:00:25]} 27. R5f2 {[%clk 00:55:54]}
{[%emt 00:01:59]} Qe5 {[%clk 00:17:18]} {[%emt 00:03:05]} 28. Nf5 {[%clk
00:53:40]} {[%emt 00:02:44]} Bc5 {[%clk 00:16:02]} {[%emt 00:01:45]} 29. Kh1
{[%clk 00:52:42]} {[%emt 00:01:28]} h5 {[%clk 00:15:11]} {[%emt 00:01:22]} 30.
Nd4 {[%clk 00:48:31]} {[%emt 00:04:41]} Kg7 {[%clk 00:13:52]} {[%emt 00:01:49]}
31. Rf5 {[%clk 00:47:56]} {[%emt 00:01:04]} 1-0

[Event "European Chess Club Cup 2023"]
[Site "Durres, Albania"]
[Date "2023.10.01"]
[Round "1.20"]
[White "Roberson, Peter T"]
[Black "Moussard, Jules"]
[Result "0-1"]
[TimeControl "90' + 30' & 30\""]
[WhiteElo "2417"]
[BlackElo "2642"]

1. e4 {[%clk 01:30:57]} {[%emt 00:00:03]} c5 {[%clk 01:30:55]} {[%emt
00:00:04]} 2. Nc3 {[%clk 01:31:08]} {[%emt 00:00:20]} d6 {[%clk 01:30:39]}
{[%emt 00:00:46]} 3. d4 {[%clk 01:31:28]} {[%emt 00:00:11]} cxd4 {[%clk
01:31:01]} {[%emt 00:00:08]} 4. Qxd4 {[%clk 01:31:54]} {[%emt 00:00:04]} Nc6
{[%clk 01:31:24]} {[%emt 00:00:07]} 5. Qd2 {[%clk 01:32:18]} {[%emt 00:00:06]}
g6 {[%clk 01:30:39]} {[%emt 00:01:15]} 6. b3 {[%clk 01:32:37]} {[%emt
00:00:11]} Bh6 {[%clk 01:30:39]} {[%emt 00:00:30]} 7. f4 {[%clk 01:32:52]}
{[%emt 00:00:15]} Nf6 {[%clk 01:29:49]} {[%emt 00:01:20]} 8. Bb2 {[%clk
01:32:18]} {[%emt 00:01:03]} e5 {[%clk 01:30:09]} {[%emt 00:00:11]} 9. g3
{[%clk 01:24:23]} {[%emt 00:08:26]} O-O {[%clk 01:30:22]} {[%emt 00:00:16]} 10.
O-O-O {[%clk 01:23:19]} {[%emt 00:01:34]} exf4 {[%clk 01:30:30]} {[%emt
00:00:22]} 11. gxf4 {[%clk 01:13:44]} {[%emt 00:10:05]} Nh5 {[%clk 01:30:42]}
{[%emt 00:00:18]} 12. Nge2 {[%clk 01:05:41]} {[%emt 00:08:33]} Qh4 {[%clk
01:29:14]} {[%emt 00:01:58]} 13. Nd5 {[%clk 00:59:56]} {[%emt 00:06:15]} Be6
{[%clk 01:29:21]} {[%emt 00:00:23]} 14. Kb1 {[%clk 00:41:40]} {[%emt 00:18:46]}
Bxd5 {[%clk 01:29:26]} {[%emt 00:00:25]} 15. exd5 {[%clk 00:36:52]} {[%emt
00:05:18]} Ne5 {[%clk 01:28:57]} {[%emt 00:00:59]} 16. Qb4 {[%clk 00:33:00]}
{[%emt 00:04:21]} Rfd8 {[%clk 01:12:52]} {[%emt 00:16:36]} 17. Qxb7 {[%clk
00:22:50]} {[%emt 00:10:39]} Nc4 {[%clk 00:49:23]} {[%emt 00:23:59]} 18. bxc4
{[%clk 00:15:42]} {[%emt 00:07:39]} Rdb8 {[%clk 00:48:11]} {[%emt 00:01:42]} 19.
Qc7 {[%clk 00:12:59]} {[%emt 00:03:13]} Bg7 {[%clk 00:48:05]} {[%emt 00:00:35]}
20. c3 {[%clk 00:10:28]} {[%emt 00:03:02]} Qf2 {[%clk 00:47:58]} {[%emt
00:00:37]} 21. Rc1 {[%clk 00:01:00]} {[%emt 00:09:58]} Nxf4 {[%clk 00:48:05]}
{[%emt 00:00:23]} 22. Rc2 {[%clk 00:00:59]} {[%emt 00:00:31]} Nd3 {[%clk
00:47:09]} {[%emt 00:01:27]} 23. Qa5 {[%clk 00:00:42]} {[%emt 00:00:46]} Qe1+
{[%clk 00:47:25]} {[%emt 00:00:14]} 24. Rc1 {[%clk 00:00:52]} {[%emt 00:00:21]}
Rxb2+ {[%clk 00:47:01]} {[%emt 00:00:53]} 25. Ka1 {[%clk 00:01:20]} {[%emt
00:00:01]} Nxc1 {[%clk 00:47:10]} {[%emt 00:00:21]} 26. Kxb2 {[%clk 00:01:46]}
{[%emt 00:00:04]} Nxe2 {[%clk 00:47:35]} {[%emt 00:00:06]} 0-1

[Event "European Chess Club Cup 2023"]
[Site "Durres, Albania"]
[Date "2023.10.01"]
[Round "1.21"]
[White "Oparin, Grigoriy"]
[Black "Moreby, James"]
[Result "1-0"]
[TimeControl "90' + 30' & 30\""]
[WhiteElo "2681"]
[BlackElo "2279"]

1. c4 {[%clk 01:30:57]} c5 {[%clk 01:30:42]} {[%emt 00:00:18]} 2. Nc3 {[%clk
01:31:19]} {[%emt 00:00:11]} Nc6 {[%clk 01:30:04]} {[%emt 00:01:06]} 3. g3
{[%clk 01:31:37]} {[%emt 00:00:10]} g6 {[%clk 01:30:25]} {[%emt 00:00:12]} 4.
Bg2 {[%clk 01:31:55]} {[%emt 00:00:10]} Bg7 {[%clk 01:30:44]} {[%emt 00:00:04]}
5. b3 {[%clk 01:30:26]} {[%emt 00:02:05]} e6 {[%clk 01:28:40]} {[%emt
00:02:33]} 6. Ba3 {[%clk 01:29:04]} {[%emt 00:01:53]} d6 {[%clk 01:21:10]}
{[%emt 00:07:59]} 7. e3 {[%clk 01:23:03]} {[%emt 00:06:30]} Nge7 {[%clk
01:17:22]} {[%emt 00:04:19]} 8. Nge2 {[%clk 01:23:17]} {[%emt 00:00:15]} Qa5
{[%clk 01:14:09]} {[%emt 00:03:44]} 9. Bb2 {[%clk 01:23:20]} {[%emt 00:00:27]}
O-O {[%clk 01:13:58]} {[%emt 00:00:41]} 10. O-O {[%clk 01:20:26]} {[%emt
00:03:23]} d5 {[%clk 01:08:20]} {[%emt 00:06:10]} 11. cxd5 {[%clk 00:57:29]}
{[%emt 00:23:27]} exd5 {[%clk 01:07:15]} {[%emt 00:01:34]} 12. Na4 {[%clk
00:57:54]} {[%emt 00:00:04]} Bxb2 {[%clk 00:50:03]} {[%emt 00:17:43]} 13. Nxb2
{[%clk 00:58:20]} {[%emt 00:00:04]} b6 {[%clk 00:49:42]} {[%emt 00:00:56]} 14.
a3 {[%clk 00:38:20]} {[%emt 00:20:25]} Rd8 {[%clk 00:44:04]} {[%emt 00:06:08]}
15. d4 {[%clk 00:34:28]} {[%emt 00:04:22]} Ba6 {[%clk 00:42:25]} {[%emt
00:02:08]} 16. Re1 {[%clk 00:33:18]} {[%emt 00:01:41]} Bxe2 {[%clk 00:32:59]}
{[%emt 00:09:56]} 17. Qxe2 {[%clk 00:32:59]} {[%emt 00:00:49]} Qc3 {[%clk
00:33:03]} {[%emt 00:00:27]} 18. dxc5 {[%clk 00:31:14]} {[%emt 00:02:15]} bxc5
{[%clk 00:28:44]} {[%emt 00:04:48]} 19. Na4 {[%clk 00:31:18]} {[%emt 00:00:26]}
Qxb3 {[%clk 00:28:20]} {[%emt 00:00:53]} 20. Nxc5 {[%clk 00:31:45]} {[%emt
00:00:04]} Qb6 {[%clk 00:28:14]} {[%emt 00:00:36]} 21. Rec1 {[%clk 00:31:52]}
{[%emt 00:00:23]} Rab8 {[%clk 00:27:49]} {[%emt 00:00:55]} 22. Qg4 {[%clk
00:21:51]} {[%emt 00:10:31]} Ne5 {[%clk 00:19:19]} {[%emt 00:08:59]} 23. Qf4
{[%clk 00:22:16]} {[%emt 00:00:05]} Qd6 {[%clk 00:18:16]} {[%emt 00:01:33]} 24.
Rd1 {[%clk 00:17:17]} {[%emt 00:05:30]} Qxc5 {[%clk 00:12:50]} {[%emt
00:05:57]} 25. Qxe5 {[%clk 00:17:42]} {[%emt 00:00:04]} Qd6 {[%clk 00:10:10]}
{[%emt 00:03:10]} 26. Qd4 {[%clk 00:17:55]} {[%emt 00:00:17]} Qb6 {[%clk
00:10:07]} {[%emt 00:00:33]} 27. Qa4 {[%clk 00:16:47]} {[%emt 00:01:39]} Rd6
{[%clk 00:08:47]} {[%emt 00:01:49]} 28. Rd2 {[%clk 00:16:18]} {[%emt 00:00:59]}
Qa6 {[%clk 00:07:10]} {[%emt 00:02:07]} 29. Qd1 {[%clk 00:15:47]} {[%emt
00:01:01]} Rbd8 {[%clk 00:06:47]} {[%emt 00:00:52]} 30. a4 {[%clk 00:15:05]}
{[%emt 00:01:13]} Nc6 {[%clk 00:02:57]} {[%emt 00:04:21]} 31. Rxd5 {[%clk
00:14:16]} {[%emt 00:01:19]} Rxd5 {[%clk 00:03:19]} {[%emt 00:00:08]} 32. Bxd5
{[%clk 00:14:41]} {[%emt 00:00:04]} Rd7 {[%clk 00:01:34]} {[%emt 00:02:15]} 33.
Qb3 {[%clk 00:13:22]} {[%emt 00:01:48]} Na5 {[%clk 00:01:37]} {[%emt 00:00:28]}
34. Qb8+ {[%clk 00:13:14]} {[%emt 00:00:38]} Kg7 {[%clk 00:02:00]} {[%emt
00:00:07]} 35. e4 {[%clk 00:13:30]} {[%emt 00:00:14]} Nc4 {[%clk 00:01:54]}
{[%emt 00:00:37]} 36. Rc1 {[%clk 00:12:46]} {[%emt 00:01:13]} Nb6 {[%clk
00:01:29]} {[%emt 00:00:55]} 37. Qe5+ {[%clk 00:12:54]} {[%emt 00:00:22]} Kg8
{[%clk 00:01:14]} {[%emt 00:00:46]} 38. a5 {[%clk 00:13:03]} {[%emt 00:00:20]}
Rxd5 {[%clk 00:01:08]} {[%emt 00:00:36]} 39. exd5 {[%clk 00:13:16]} {[%emt
00:00:17]} Qxa5 {[%clk 00:01:36]} {[%emt 00:00:02]} 40. Rd1 {[%clk 00:13:12]}
{[%emt 00:00:34]} 1-0